| 000 | 01212cam a2200313 i 4500 | ||
|---|---|---|---|
| 001 | 15135196 | ||
| 003 | EG-ScBUE | ||
| 005 | 20240822100426.0 | ||
| 008 | 080110s2008 enka f 001 0 eng d | ||
| 020 | _a9780199205356 (acidfree paper) | ||
| 020 | _a0199205353 (acidfree paper) | ||
| 040 |
_aDLC _beng _erda _cDLC _dBAKER _dBWKUK _dBTCTA _dDLC _dEG-ScBUE |
||
| 082 | 0 | 4 |
_a510.2454 _222 _bSTE |
| 100 | 1 |
_aSteiner, Erich, _d1937- _eauthor. _912435 |
|
| 245 | 1 | 4 |
_aThe chemistry maths book / _cErich Steiner, University of Exeter. |
| 250 | _aSecond edition. | ||
| 264 | 1 |
_aOxford ; _aNew York : _bOxford University Press, _c2008. |
|
| 300 |
_axii, 668 pages : _billustrations ; _c25 cm |
||
| 336 |
_2rdacontent _atext _btxt |
||
| 337 |
_aunmediated _2rdamedia _bn |
||
| 338 |
_avolume _bnc _2rdacarrier |
||
| 500 | _aIncludes index. | ||
| 650 | 7 |
_aMathematics. _2BUEsh _912436 |
|
| 650 | 7 |
_aChemistry _xMathematics. _2BUEsh _912437 |
|
| 655 | _vReading book | ||
| 856 | 4 | 1 |
_3Table of contents only _uhttp://www.loc.gov/catdir/toc/ecip088/2008001241.html |
| 942 |
_2ddc _cBB |
||
| 999 |
_c13623 _d13623 |
||